Statistics for Real Historical Event... or Fake?

Click here to take the quiz!

General Stats

  • This quiz has been taken 35 times
    (10 since last reset)
  • The average score is 11 of 16

Answer Stats

QuestionAnswer% Correct
COVID-19 pandemicReal
100%
Deepwater Horizon Oil SpillReal
100%
The Apollo 11 Mission & Moon LandingReal
100%
The Collapse of KazakhstanFake
90%
The Battle of SaskatchewanFake
80%
The Great SchismReal
80%
Sack of RomeReal
80%
Nepal's Great ExodusFake
70%
Kansas-Nebraska Act of 1854Real
70%
1837 Treaty of KentuckyFake
60%
G45 Summit of 2002Fake
60%
The Riyadh MassacreFake
50%
Sykes-Picot AgreementReal
50%
Hunga Tonga–Hunga Haʻapai EruptionReal
50%
The Raid of Taichung CityFake
40%
The Great SkedaddleReal
20%

Score Distribution

Percentile by Number Answered

Percent of People with Each Score

Your Score History

You have not taken this quiz since the last reset